| 000 | 00911nam a22003017a 4500 | ||
|---|---|---|---|
| 001 | 5247 | ||
| 003 | FISKH | ||
| 005 | 20250814145638.0 | ||
| 008 | 241121b cb ||||| |||| 00| 0 eng d | ||
| 020 | _a0439518407 | ||
| 040 |
_aFISKH _beng _cFISKH _dFISKH |
||
| 050 | _aPZ8.D627 | ||
| 082 | _a782.42162 | ||
| 100 |
_aChurch, Jayne Caroline _d(1963-) |
||
| 245 |
_aDo your ears hang low? / _cIllustrated by Caroline Jayne Church |
||
| 250 | _aFirst printing in 2003 | ||
| 260 |
_aNew York : _bScholastic, _c2003. |
||
| 300 |
_a22 pages : _bColor illustrations ; _c23 cm |
||
| 505 | _aE | ||
| 520 | _aTwo long-earred dogs celebrate their love to the words of a familiar children's song. | ||
| 521 | 8 |
_a280L
_bLexile |
|
| 521 | 8 |
_aE
_bRaz-Plus |
|
| 650 |
_2Dogs _aFiction |
||
| 650 |
_2Music _aFriendship |
||
| 700 |
_aChurch, Jayne Caroline _dIllustrator |
||
| 942 |
_2ddc _cBK _n0 |
||
| 999 |
_c5247 _d5247 |
||